000 00583nam a22002057a 4500
003 OSt
005 20140310182913.0
008 130128t xxu||||| |||| 00| 0 eng d
020 _a971590291X
050 _aBR115
_b.N856 1999
082 _aFIL 261.8
_bN85 1999
245 _aThe road to peace : writings on peace and justice
_cNouwen,Henri ; edited by John Dear
260 _aPasay City :
_bPaulines Publishing House,
_cc1999
300 _axxvi, 220 p. ;
_c21 cm.
521 _aCollege
526 _c1210L-1700L
541 _j1
562 _e1
942 _2lcc
_cBK
_kFIL
999 _c17255
_d17255